000 00670nam a2200241Ia 4500
003 OSt
005 20220918174714.0
006 a|||||r|||| 00| 0
007 ta
008 220917b |||||||| |||| 00| 0 eng d
024 _a13,739
037 _cTextual
040 _aARTS
_cARTS
_beng
041 _2eng
_aeng
082 _aNR4424, M9
100 _aChaitanya Deva B.
_951444
245 0 _aMusical instruments in sculpture in Karnataka
260 _aShimla
_bIndian Institute Of Advanced Study
_c1989
300 _a77p. illus
_ccm.
650 _aMUSIC; ARTS
_92635
942 _hNR4424, M9
_cTEXL
_2CC
999 _c154344
_d154344